Regional Flags of England — Click Quiz - Statistics

General Stats
  • This quiz has been taken 251 times
  • The average score is 4 of 10
Answer Stats
Hint Answer % Correct
image.png Black Country
58%
image.png New Forest
56%
image.png Wessex
42%
image.png East Anglia
40%
image.png Isle of Purbeck
38%
image.png Northumbria
35%
image.png Isles of Scilly
29%
image.png Exmoor
24%
image.png Mercia
19%
image.png The Fens
11%
No matching quizzes found
Score Distribution
Percent of People with Each Score
Percentile by Number Answered
Your Score History
You have not taken this quiz